000 00641nam a22002177a 4500
001 00116
003 DO-SdBNP
005 20160321152823.0
007 00116
008 160321b dr 2000 ||||| |||| 00| 0 spa d
020 _a7467634943111
040 _aBPMSU
_bspa
_cBPMSU
092 _axxxxxxxx
_bxxxxxxxx
100 1 0 _aCavallo, Leonor
245 1 0 _aLengua española nuevo milenio :
_bcuaderno de trabajo 2 /
_cLeonor Cavallo ; directora de ediciones Nelgia A. Acosta
260 _aSanto Domingo :
_bSusaeta,
_c2000
300 _a111 p. :
_bil.,
_c27 cm.
700 1 0 _aAcosta, Nelgia A.
_eed.
942 _2ddc
_cBK
956 _aBrenda Tavárez
999 _c9363
_d9363